000 00776nam a2200253Ia 4500
003 OSt
005 20220925165749.0
006 a|||||r|||| 00| 0
007 ta
008 220923b |||||||| |||| 00| 0 eng d
037 _cGeneral Book
040 _aRTL
_cRTL
_beng
041 _2eng
_aeng
082 _aX:(B2892), M2
100 _aAubin Jean-Pierre
_9151140
245 0 _aMathematical methods of game and economic theory
250 _a2nd
260 _aAmsterdam
_bNorth-Holland
_c1982
300 _axxxii 616p Bib p 587-613 Appendix p 558-86
_ccm.
490 _aStudies In Mathematics And Its Applications 7
650 _aEconomic Statistics
_9234752
942 _hX:(B2892), M2
_cGB
_2CC
999 _c478139
_d478139